| 000 | 00442nam a2200169Ia 4500 | ||
|---|---|---|---|
| 003 | IN-BaIIA | ||
| 008 | 211028s9999 xx 000 0 eng d | ||
| 040 | _cIIA Library | ||
| 080 |
_a524.3-5 _bSMA |
||
| 100 |
_aSmart, W. M. _91092 |
||
| 245 | 0 |
_aStellar dynamics _cW. M. Smart |
|
| 260 |
_aCambridge _bCambridge University Press _c1938 |
||
| 300 | _aviii, 434p. | ||
| 650 |
_aGalactic dynamics _91517 |
||
| 650 | _aStellar motions | ||
| 942 | _cBK | ||
| 999 |
_c712 _d712 |
||